LEADER 01002naa a2200217 u 4500 001 000000094454 003 CaOOAMICUS 005 20070226130138.0 008 040426s1975 it u000 u ita u 035 $a10991938 040 $aIAR$bita 100 1 $aViolante, Cinzio,$d1921-$0(OLS)http://pul/name/1223 245 10$aEresie nelle città e nel contado in Italia dall'XI al XIII secolo /$cCinzio Violante. 250 $a2. ed.$briveduta e accresciuta. 260 $aMilano :$bVita e pensiero,$c1975. 300 $aS. 349-380, ;$c21 cm 650 4$aEresie ed eretici$zItalia$yMedioevo.$0(OLS)http://pul/subject/6799 773 0 $aStudi culla cristianità medioevale : Società, istituzioni, spiritualità. 773 0 $aViolante, Cinzio.$tStudi sulla cristianità medioevale : società istituzioni spiritualità$w()12503 996 $6245$aEresie nelle città e nel contado in Italia dall'XI al XIII secolo$9(OLS)http://pul/title/121322 996 $6260$aMilano :$bVita e pensiero$9(OLS)http://pul/publisher/48016 LEADER 01333nam a2200313 a 4500 001 000000129030 003 CaOOAMICUS 005 20120522165815.0 008 120522s2012 it u000 u ita r 020 $a978-88-15-23501-5 040 $aPUL$bita 041 1 $aita$heng 082 04$a306.9 100 1 $aBauman, Zygmunt,$d1925-2017.$0(OLS)http://pul/name/31901 240 10$aMortality, immortality and other life strategies.$lItaliano.$0(OLS)http://pul/title/163041 245 10$aMortalità, immortalità e altre strategie di vita /$cZygmunt Bauman. 260 $aBologna :$bIl Mulino,$c2012. 300 $a277 p. ;$c22 cm 490 1 $aBiblioteca paperbacks ;$v38 650 4$aMorte$xAspetti socio-culturali.$0(OLS)http://pul/subject/38698 830 0$aBiblioteca paperbacks ;$v38.$0(OLS)http://pul/title/144760 850 $aPUL 852 $aPUL$W1$xSL Diritto e Scienze Sociali 3$y79$m306. 9 BAUZY 1$j149408$qDDC 21$B147944$CPULBib$Z2$F147944 $H119818 $82 941 1 $a9 996 $6020$a978-88-15-23501-5$9(OLS)http://pul/number/149786 996 $6082$a306.9$9(OLS)http://pul/classification/2080 996 $6245$aMortalità, immortalità e altre strategie di vita$9(OLS)http://pul/title/163042 996 $6260$aBologna :$bIl Mulino$9(OLS)http://pul/publisher/47928